Náuka o materiáli pre 2. a 3. ročník SPŠ odevnej

Bibliographic Details
Main Authors: Bohanesová, Bohuslava (Author), Kozlovská, Hana (Author)
Other Authors: Artnerová, Klára (Translator)
Format: Book
Language:Slovak
PhysicalDescription:269 s. Fotogr., sch., tab. 21 cm
Published: Bratislava Alfa-press 1995
ISBN:8088811198
Edition:1. vyd., Celkove 2. vyd.
Subjects:

MARC

LEADER 00000nam a2200000 a 4500
001 vtls001103941
003 SK-MaSNL
005 20260301183009.0
008 240315s1992 xo p r y slo
015 |a SNBA1996/0200317 
020 |a 8088811198 
035 |a SNK000046783 
035 |a urn:nbn:sk:snk-amk3zr 
035 |a urn:nbn:sk:snk-am0055cd 
035 |a 4355A0EE-C21A-4A0A-8BD2-E66A22F87C11 
040 |a SNK  |b slo  |c SNK  |e AACR2 
041 0 |a slo 
044 |a xo  |c SK 
080 |a 677.07(075.3)  |2 1981 
080 |a 687.1/.3(075.3)  |2 1981 
100 1 |a Bohanesová, Bohuslava  |4 aut  |9 42960 
245 1 0 |a Náuka o materiáli pre 2. a 3. ročník SPŠ odevnej  |c Bohuslava Bohanesová, Hana Kozlovská 
250 |a 1. vyd., Celkove 2. vyd. 
260 |a Bratislava  |b Alfa-press  |c 1995 
300 |a 269 s.  |b Fotogr., sch., tab.  |c 21 cm 
500 |a Z čes. orig. prel. Klára Artnerová 
650 0 7 |a odevné materiály  |2 SNKPH  |9 106236 
650 0 7 |a textilné materiály  |2 SNKPH  |9 86799 
655 7 |a učebnice  |2 SNK  |9 22521 
700 1 |a Kozlovská, Hana  |4 aut  |9 44982 
700 1 |a Artnerová, Klára  |4 trl  |9 42637 
919 |a 80-88811-19-8 
958 |a TL 
958 |a UC 
958 |a CZ 
958 |a NS 
968 |b ČES 
999 |c 855504  |d 857434 
952 |a SNK  |b SNK  |y PREZ  |7 0  |p 17A1014086  |o snkSC 89603   |0 0  |1 0  |4 0  |d 2012-08-21  |f 1  |l 0  |r 2025-09-09 00:00:00  |w 2026-02-24 
952 |t P60, <09>, [BOOK], {629}  |a SNK  |b SNK  |y NEVYP  |7 0  |o snkC 2199  |i snk4290/951214  |0 0  |1 0  |4 0  |d 1995-12-13  |l 0  |r 2004-12-31 00:00:00  |w 2026-02-24 
952 |t P60, <03>, [BOOK], {603}  |a SNK  |b SNK  |y PREZ  |7 0  |o snkSC 89603  |i snkKSP 10549/95  |0 0  |1 0  |4 0  |d 1995-12-13  |l 0  |r 2004-12-31 00:00:00  |w 2026-02-24 
952 |t P60, <04>, [BOOK], {604}  |a SNK  |b SNK  |y VYP  |7 0  |p 17A0007628  |o snkSC 89603 D1  |i snkKSP 10550/95  |0 0  |1 0  |4 0  |d 1995-12-13  |l 0  |r 2004-12-31 00:00:00  |w 2026-02-24